Statement of the chamber of commerce of the United States of America

Saved in:
Bibliographic Details
Format: Book
Language:Undetermined
Published: New York Foreign Investment in the United States 1974
Subjects:
Tags: Add Tag
No Tags, Be the first to tag this record!
Institutions: Trung tâm Học liệu Trường Đại học Cần Thơ
LEADER 00470nam a2200157Ia 4500
001 CTU_83410
008 210402s9999 xx 000 0 und d
082 |a 380.1 
082 |b S797 
245 0 |a Statement of the chamber of commerce of the United States of America 
260 |a New York 
260 |b Foreign Investment in the United States 
260 |c 1974 
650 |a Commerce 
904 |i QHieu(sửa) 
980 |a Trung tâm Học liệu Trường Đại học Cần Thơ